000 00529nam a2200169Ia 4500
008 240729s9999 xx 000 0 und d
022 _a2665-9174
245 0 _aMeasurement: Sensors
260 _aUnited Kingdom
260 _bElsevier
650 _a Electric apparatus and materials. Electric circuits. Electric networks
650 _a Electrical engineering. Electronics. Nuclear engineering
650 _aTechnology
856 _uhttps://doaj.org/toc/3f7ba5f275244fc786d71fe5911ee43a
942 _2ddc
942 _cDOAJEJ
999 _c70078
_d70078
945 _a1
_bMadushi Gamage
_c1
_dMadushi Gamage